Manažerská etika

Uložené v:
Podrobná bibliografia
Hlavní autori: Bláha, Jiří (Autor), Dytrt, Zdenek (Autor)
Médium: Kniha
Jazyk:Czech
Vydavateľské údaje: Praha : Management Press, 2003
Vydanie:1. vyd
Predmet:
On-line prístup:OBSAH
Tagy: Pridať tag
Žiadne tagy, Buďte prvý, kto otaguje tento záznam!

MARC

LEADER 00000nam a22000003a 4500
001 stu87062
005 20150617225629.8
008 040518s2003----xr------------------cze-d
020 |a 80-7261-084-8 
040 |a STU  |b slo 
041 0 |a cze 
044 |a xr 
080 |a 17 
100 1 |a Bláha, Jiří  |4 aut 
245 1 |a Manažerská etika 
250 |a 1. vyd 
260 |a Praha :  |b Management Press,  |c 2003 
300 |a 155 s 
650 7 |a etika manažérska  |2 stusub 
700 1 |a Dytrt, Zdenek  |4 aut 
856 4 |a https://sweb.mtf.stuba.sk/obsahy/manazerska_etika_03  |u https://sweb.mtf.stuba.sk/obsahy/manazerska_etika_03  |3 OBSAH 
996 |b 284M057510  |c M*11402-3  |l MMKN  |s A  |a 24  |w stu87062_0001 
996 |b 284M057508  |c M*11402-1  |l MMST  |s A  |a 24  |w stu87062_0002 
996 |b 284M057509  |c M*11402-2  |l MMKN  |s A  |a 24  |w stu87062_0003